Central Library OPAC University of Rajshahi

Artificial intelligence illuminated / (Record no. 66061)

MARC details
000 -LEADER
fixed length control field 00774nam a2200253 a 4500
001 - CONTROL NUMBER
control field 66061
003 - CONTROL NUMBER IDENTIFIER
rucl marc code BD-RjUL
005 - DATE AND TIME OF LATEST TRANSACTION
control field 20211209081509.0
008 - FIXED-LENGTH DATA ELEMENTS--GENERAL INFORMATION
fixed length control field 170314s20052004maua b 001 0 eng
020 ## - INTERNATIONAL STANDARD BOOK NUMBER
International Standard Book Number 8173196710
035 ## - SYSTEM CONTROL NUMBER
System control number (BD-RjUL)66191
040 ## - CATALOGING SOURCE
Original cataloging agency DLC
Transcribing agency DLC
Modifying agency DLC
Language of cataloging eng
041 ## - LANGUAGE CODE
Language code of text/sound track or separate title eng
082 00 - DEWEY DECIMAL CLASSIFICATION NUMBER
Classification number 006.3
Edition number 23
Author mark and year COA 2005
100 1# - MAIN ENTRY--PERSONAL NAME
Personal name Coppin, Ben.
9 (RLIN) 195403
245 10 - TITLE STATEMENT
Title Artificial intelligence illuminated /
Statement of responsibility, etc. Ben Coppin.
260 ## - PUBLICATION, DISTRIBUTION, ETC. (IMPRINT)
Place of publication, distribution, etc. Boston :
Name of publisher, distributor, etc. Jones and Bartlett Publishers,
Date of publication, distribution, etc. c2004 [Reprinted 2005]
300 ## - PHYSICAL DESCRIPTION
Pagination xxv, 739 p. :
Illustrations ill. ;
Size 23 cm.
490 ## - SERIES STATEMENT
Series statement ITPro collection.
504 ## - BIBLIOGRAPHY, ETC. NOTE
Bibliography, etc Includes bibliographical references (p. [697]-718) and index.
650 #0 - SUBJECT ADDED ENTRY--TOPICAL TERM
Topical term or geographic name as entry element Artificial intelligence.
9 (RLIN) 194631
856 ## - ELECTRONIC LOCATION AND ACCESS
Materials specified ITPro collection.
942 ## - ADDED ENTRY ELEMENTS (KOHA)
Source of classification or shelving scheme Dewey Decimal Classification
Koha item type Books
Holdings
Lost status Source of classification or shelving scheme Damaged status Not for loan Collection code Permanent Location Current Location Shelving location Date acquired Source of acquisition Cost, normal purchase price Total Checkouts Full call number Date last seen Copy number Koha item type
  Dewey Decimal Classification   Not For Loan Non-fiction Central Library, University of Rajshahi Central Library, University of Rajshahi Reading Room 26/05/2008 Angkur Prokashan, Dhaka 925.00   006.3 COA 2005 14/03/2017 C-1 Books